000 00564nam a2200229Ia 4500
003 OSt
005 20221005120937.0
006 a|||||r|||| 00| 0
007 ta
008 221004b |||||||| |||| 00| 0 urd d
024 _a15202
037 _cTextual
040 _aCRL
_cCRL
_burd
041 _2urd
_aurd
082 _aO168m2:N75, L8
100 _aRamesh Sippi
_9629858
245 0 _aFun aur Shakhsiyat
260 _c1978
650 _aURDU LITERATURE
942 _hO168m2:N75, L8
_cTEXL
_2cc
999 _c1039626
_d1039626